[Event "8th Altibox Norway Chess 2020"]
[Site "Stavanger"]
[Date "2020.10.10"]
[Round "5"]
[White "Firouzja, Alireza"]
[Black "Tari, Aryan"]
[Result "1-0"]
[WhiteElo "2728"]
[BlackElo "2633"]
[Annotator "TA"]
[PlyCount "99"]
[EventDate "2020.10.05"]
[EventType "tourn"]
[EventCountry "NOR"]
[SourceTitle "playchess.com"]
[Source "ChessBase"]
[SourceQuality "1"]

{[%evp 14,99,22,11,13,12,29,10,18,24,24,9,14,27,25,17,29,-12,-7,-23,0,0,0,0,0,-11,27,7,11,16,22,12,11,8,14,18,51,53,102,102,90,85,108,107,103,103,112,113,137,138,194,163,168,145,209,241,279,271,270,220,419,466,399,459,430,414,459,437,442,456,456,454,448,432,425,415,402,346,365,353,5600,5281,12361,12361,12361,6211,6211,6075]} 1. e4 e5 2. Nf3 Nc6 3. Bc4 Bc5 4. c3 Nf6 5. d3 d6 6. O-O h6 7. Re1 O-O 8. h3 a6 {C54: Giuoco Piano: 4 c3 Nf6, main lines with 5 d4 and 5 d3.} 9. a4 Re8 (9... Ba7 {feels hotter.} 10. Nbd2 Nh5 11. Nf1 Qf6 12. Be3 Be6) 10. Nbd2 Be6 {The position is equal.} 11. Bxe6 Rxe6 12. b4 Ba7 13. Qc2 Qd7 14. Rb1 Ne7 {[#]} 15. d4 $5 $146 {[%mdl 8] [#] aiming for d5. An interesting novelty.} ({Predecessor:} 15. Nf1 Ng6 16. Ng3 c6 17. c4 Ree8 18. Bd2 Rad8 19. Nf5 Ne7 20. Ng3 Ng6 21. Rbd1 {1-0 (69) Leko,P (2663)-Anand,V (2753) chess24.com INT 2020}) 15... Ng6 16. b5 Nh5 17. Nf1 Rae8 18. bxa6 bxa6 19. a5 Qc8 20. Be3 {Black must now prevent d5.} exd4 21. cxd4 {Strongly threatening d5.} Rxe4 22. Qc6 d5 23. N1d2 R4e6 24. Qxd5 Nf6 25. Qb7 Bb8 {Black is on the road to losing.} 26. Qxc8 Rxc8 27. Rb7 Ree8 28. Nb3 Ne4 29. Nc5 Nxc5 30. dxc5 c6 31. Rb6 Ne5 (31... Bc7 $16) 32. Nxe5 Bxe5 33. Rxa6 Bd4 {[#]} (33... Ra8 $16 34. Rxc6 Rxa5) 34. Kf1 $1 $18 Re4 35. Bxd4 Rxd4 {[%mdl 4096] Endgame KRR-KRR} 36. Ra1 Rc4 $2 (36... Rd2 37. Kg1 Rd5) 37. Rb6 Rxc5 38. a6 {[%cal Ba5a6,Ba6a7][%mdl 32]} Rb5 39. Rxb5 cxb5 {KR-KR} 40. a7 Ra8 41. Ke2 Kf8 42. Kd3 Ke7 43. Kc3 Kd6 44. Kb4 Kc6 {and the idea ...Kb6 leaves Black hopeful.} 45. Ra6+ Kb7 46. Kxb5 h5 $2 (46... Kc7 47. Ra3 Kb7) 47. Rb6+ {White is clearly winning.} Kxa7 48. Ra6+ Kb7 49. Rxa8 Kxa8 50. Kc6 {Accuracy: White = 95%, Black = 59%.} 1-0

[Event "8th Altibox Norway Chess 2020"]
[Site "Stavanger"]
[Date "2020.10.11"]
[Round "6"]
[White "Carlsen, Magnus"]
[Black "Duda, Jan-Krzysztof"]
[Result "1-0"]
[WhiteElo "2863"]
[BlackElo "2757"]
[Annotator "TA"]
[PlyCount "51"]
[EventDate "2020.10.05"]
[EventType "tourn"]
[EventCountry "NOR"]
[SourceTitle "playchess.com"]
[Source "ChessBase"]
[SourceQuality "1"]

{[%evp 9,51,8,20,24,12,5,12,5,7,4,7,0,13,17,28,27,23,33,23,13,19,29,30,15,33,30,45,44,75,79,213,209,212,226,335,339,318,157,402,402,380,380,508,489]} 1. d4 d5 2. c4 c6 3. e3 Nf6 4. Nc3 e6 5. b3 b6 6. Bb2 {D31: Queen's Gambit Declined: Semi-Slav without ...Nf6 (+ Marshall Gambit and Noteboom) and Exchange Variation lines without ...Nf6.} Bb7 7. Bd3 Nbd7 8. Nge2 {The position is equal.} Bd6 9. O-O O-O 10. Ng3 c5 (10... Re8 {keeps more tension.} 11. Rc1 g6 12. e4 dxe4 13. Ngxe4 Bf4) 11. cxd5 cxd4 12. Nce4 Bxg3 13. Nxg3 dxe3 14. dxe6 ({Of course not} 14. fxe3 Nxd5 15. Qg4 N7f6 $15) 14... exf2+ 15. Rxf2 fxe6 16. Qe2 {[#]} Nc5 $146 ({Predecessor:} 16... Rf7 17. Qxe6 Bd5 18. Qf5 Qe7 19. Qg5 h6 20. Qh4 Ne8 21. Qxe7 Rxe7 22. Nf5 Rf7 {1-0 (45) Pashikian,A (2612)-Matlakov,M (2693) Gjakova 2016}) 17. Bc2 {[%mdl 1024] [#] And now b4 would win. White has compensation.} Ba6 18. Qe1 {Hoping for Rd1.} Qe8 19. Rd1 Rc8 (19... Rd8 $16) 20. b4 Nb7 21. Ne4 Nd5 (21... Rxc2 $142 22. Rxc2 Nxe4) 22. Rxf8+ $18 Qxf8 23. Bb1 (23. Bb3 $18 {is the precise move to win. Ng5 is the strong threat.} Rd8 24. Ng5) 23... Qxb4 $2 {[#]} (23... h6 $16) 24. Nf6+ $1 {[%mdl 64] Discovered Attack} Kh8 25. Qxe6 Ra8 26. Qxd5 {Accuracy: White = 89%, Black = 49%.} 1-0

[Event "8th Altibox Norway Chess 2020"]
[Site "Stavanger"]
[Date "2020.10.11"]
[Round "6"]
[White "Aronian, Levon"]
[Black "Caruana, Fabiano"]
[Result "0-1"]
[WhiteElo "2767"]
[BlackElo "2828"]
[Annotator "TA"]
[PlyCount "76"]
[EventDate "2020.10.05"]
[EventType "tourn"]
[EventCountry "NOR"]
[SourceTitle "playchess.com"]
[Source "ChessBase"]
[SourceQuality "1"]

{[%evp 12,76,16,0,4,10,22,18,16,25,33,38,30,0,0,0,39,31,61,62,37,35,46,31,35,22,35,27,110,106,100,106,153,148,168,7,1,0,70,0,0,0,0,0,0,0,0,0,29,0,0,0,0,0,34,0,0,-54,-64,-508,-497,-497,-510,-500,-497,-486,-503]} 1. e4 c5 2. Nf3 e6 3. c3 d5 4. exd5 Qxd5 5. d4 Nf6 6. Na3 {[%cal Bb1a3,Ba3b5,Bb5d4][%mdl 32]} Nc6 7. Be3 {White wants to play Nb5. is now more promising than 7.Nb5. Played by Hao Wang in May 2020.} cxd4 {B22: Sicilian: 2 c3.} 8. Nb5 $1 {[%cal Rb5c7] Nc7+ is the strong threat.} Qd7 9. Nbxd4 a6 {The position is equal.} 10. Bd3 Bd6 11. O-O {[#]} Ne7 $146 ({Predecessor:} 11... O-O 12. Re1 Qc7 13. Nxc6 bxc6 14. Qa4 Nd5 15. Qh4 h6 16. Bd2 Rb8 17. Rab1 Bf4 18. Bxf4 Nxf4 {0-1 (40) Kartsev,A (2189)-Hoffmann,M (2424) Germany 2013}) 12. Qc2 O-O 13. Bg5 Ng6 14. Rad1 Qc7 15. Rfe1 Bd7 16. g3 Rfe8 17. Bxf6 gxf6 18. h4 Kh8 19. Qd2 Bf8 (19... Rad8 $1 $11 {keeps the balance.}) 20. h5 $16 Ne7 21. Bc2 $1 {Strongly threatening Qd3.} Red8 {With the idea ...e5.} 22. Qd3 $1 {[%csl Gc2][%cal Rd3h7]} f5 {[#]} 23. g4 $2 (23. Ng5 $1 $18 {[%cal Rg5f7]} Kg8 24. Bb3) 23... f6 $11 24. g5 (24. Nh4 $11) 24... Qf4 $14 25. gxf6 Qg4+ 26. Kf1 Qh3+ (26... Bb5 $5 27. c4 $8 Qh3+ 28. Ke2 Nd5 29. Nxe6 Rd6 $11) 27. Ke2 Nd5 {[%cal Be7d5,Bd5f4,Bf4g2][%mdl 32]} (27... Bb5 $5 28. c4 $8 Nd5 29. Nxe6 Rd6 $11) 28. Qd2 $1 {Black must now prevent f7.} Bb5+ $1 29. Nxb5 Qg4 $1 30. Qg5 (30. Nc7 $5 Nf4+ {[%mdl 64] Discovered Attack} 31. Qxf4 Qxf4 32. Nxa8 Rxa8 33. Rd7 $11) 30... Nf4+ 31. Ke3 Ng2+ {[%mdl 64] Double Attack} 32. Ke2 Qc4+ {[%mdl 64] Double Attack} 33. Bd3 Rxd3 $1 {[%mdl 64] [#] Decoy} 34. Rxd3 ({White should try} 34. Ne5 $1 $11 {[%mdl 512]} Nf4+ 35. Kf1 Rg3+ 36. Nxc4 Rxg5 37. Nb6 Rxh5 38. Kg1) 34... Nf4+ $15 {[%mdl 64] Double Attack, Pin} 35. Ke3 $2 {[%mdl 8192]} (35. Qxf4 $1 $15 Qxf4 36. Rd4) 35... Qe4+ $19 {Black is clearly winning.} 36. Kd2 Qxd3+ {[%mdl 64] Double Attack} 37. Kc1 Qxf3 {[%mdl 64] Double Attack} 38. f7 {[%csl Gf7][%cal Rg5g8]} Qg4 {Quite a comeback for Black. Accuracy: White = 77%, Black = 77%.} 0-1

[Event "8th Altibox Norway Chess 2020"]
[Site "Stavanger"]
[Date "2020.10.11"]
[Round "6"]
[White "Tari, Aryan"]
[Black "Firouzja, Alireza"]
[Result "0-1"]
[WhiteElo "2633"]
[BlackElo "2728"]
[Annotator "TA"]
[PlyCount "68"]
[EventDate "2020.10.05"]
[EventType "tourn"]
[EventCountry "NOR"]
[SourceTitle "playchess.com"]
[Source "ChessBase"]
[SourceQuality "1"]

{[%evp 11,68,26,24,20,31,32,31,27,37,29,25,20,30,0,0,0,0,3,8,12,49,29,41,36,50,27,10,-12,0,0,-1,-19,-24,-138,-144,-148,-137,-129,-125,-178,-112,-176,-187,-191,-181,-188,-192,-477,-470,-475,-479,-929,-924,-894,-903,-844,-844,-5306,-5281]} 1. e4 c6 2. d4 d5 3. exd5 cxd5 4. Bd3 Nf6 5. c3 Bg4 6. Qb3 Qc7 7. h3 {B13: Caro-Kann: Exchange Variation and Panov-Botvinnik Attack.} Bd7 8. Nf3 Nc6 9. O-O {White is slightly better.} e6 10. Re1 Bd6 {[#]} 11. Bg5 $146 ({Predecessor:} 11. Bb5 O-O 12. Bxc6 bxc6 13. Ne5 Rfb8 14. Qc2 Be8 15. Nd3 Nd7 16. Nd2 c5 17. dxc5 Nxc5 18. Nxc5 Bxc5 {0-1 (62) Boer,A-Van Baarle,J (2295) Dieren 1998}) 11... O-O 12. Nbd2 Nh5 13. Qd1 f6 14. Be3 Nf4 15. Bf1 g5 16. c4 Kh8 17. Rc1 Rg8 18. Bxf4 Bxf4 {[#]} 19. b4 $1 {[%cal Bb2b4,Bb4b5][%mdl 544]} Qd6 $36 {[%mdl 2048] Black has good play.} ({Much worse is} 19... Nxb4 $6 20. cxd5 Qd6 21. Ne4 $16) 20. b5 {Threatens to win with c5.} Ne7 21. c5 Qc7 22. g3 (22. Rc3 $1 $11) 22... g4 $17 23. hxg4 Rxg4 {Hoping for ...Bxg3!} 24. Bh3 {[#]} Rg7 $1 {...Bxg3! is the strong threat.} 25. Kh1 {[#]} (25. Nf1 $17) 25... e5 ({Black should try} 25... Bxg3 $1 $19 26. fxg3 Qxg3) 26. Bxd7 (26. dxe5 $17 {was worth a try.} fxe5 27. gxf4 Bxh3 28. Ng5) 26... Qxd7 $19 27. Nh2 Qh3 28. Rg1 Rag8 29. Qe2 $2 (29. dxe5 fxe5 30. Qe2) 29... e4 {Black is clearly winning.} 30. Rc3 {and the idea Nxe4 leaves White hopeful.} Nf5 31. Nxe4 (31. Qe1 $142) 31... dxe4 32. Qxe4 {[#]} Bxg3 $1 {[%csl Gg3][%cal Rh3h2][%mdl 512]} 33. Rg2 (33. Rcxg3 Rxg3) 33... Re7 34. Qb1 Rge8 {Accuracy: White = 55%, Black = 88%.} 0-1

[Event "8th Altibox Norway Chess 2020"]
[Site "Stavanger"]
[Date "2020.10.12"]
[Round "7"]
[White "Caruana, Fabiano"]
[Black "Carlsen, Magnus"]
[Result "1/2-1/2"]
[WhiteElo "2828"]
[BlackElo "2863"]
[Annotator "TA"]
[PlyCount "78"]
[EventDate "2020.10.05"]
[EventType "tourn"]
[EventCountry "NOR"]
[SourceTitle "playchess.com"]
[Source "ChessBase"]
[SourceQuality "1"]

{[%evp 15,78,0,28,0,0,0,0,0,0,-23,-2,-2,-2,0,0,0,0,-12,0,-12,27,33,27,20,12,10,60,49,46,40,57,48,20,36,60,60,60,61,65,65,65,66,60,47,41,0,0,0,0,0,0,0,0,-21,-15,-70,-25,-50,0,0,0,-57,0,0,0]} 1. e4 c5 2. Nf3 Nc6 3. Bb5 g6 4. O-O Bg7 5. c3 e5 6. d4 cxd4 7. cxd4 exd4 8. Bf4 a6 9. Ba4 {B31: Sicilian: 2...Nc6 3 Bb5 g6.} Nge7 10. Bd6 b5 11. Bb3 Bb7 12. Re1 Nc8 $1 {[%cal Rc8d6]} 13. e5 Nxd6 14. exd6+ Kf8 {[#]} 15. h4 $146 ({Predecessor:} 15. Nbd2 f5 {½-½ (15) Paszek,K (2131)-Jankowiak,T (2154) Poronin 2020}) 15... Bf6 16. Nbd2 Kg7 17. Bd5 $1 Na5 18. Bxb7 Nxb7 19. Ne4 Re8 20. h5 Rc8 21. Rc1 Rxc1 22. Qxc1 h6 23. hxg6 fxg6 24. Qd2 d3 25. b4 Re6 $1 26. Qxd3 Qb6 {[%cal Rb7d6]} 27. Rd1 Qc6 28. Nxf6 Rxf6 29. Ne5 Qc8 30. Qd5 {[#] And now Ng4 would win.} Re6 31. Ng4 {Hoping for Qd4+.} Kh7 32. Qd4 {aiming for Nf6+.} Qf8 33. Qa7 Rxd6 34. Re1 Nd8 35. Ne5 (35. f3 $11) 35... Qe7 {[#] Strongly threatening ...Nc6.} 36. Nf3 Re6 37. Rd1 Rd6 38. Re1 Re6 (38... Qf6 $15) 39. Rd1 $11 Rd6 {Accuracy: White = 85%, Black = 85%.} 1/2-1/2

[Event "8th Altibox Norway Chess 2020"]
[Site "Stavanger"]
[Date "2020.10.12"]
[Round "7"]
[White "Caruana, Fabiano"]
[Black "Carlsen, Magnus"]
[Result "0-1"]
[WhiteElo "2828"]
[BlackElo "2863"]
[Annotator "TA"]
[PlyCount "104"]
[EventDate "2020.10.05"]
[EventType "tourn"]
[EventCountry "NOR"]
[SourceTitle "playchess.com"]
[Source "ChessBase"]
[SourceQuality "1"]

{[%evp 15,104,16,22,17,17,16,20,14,17,14,21,13,25,0,0,0,0,-19,-13,-97,-106,-106,-108,-111,-102,-250,-238,-243,-66,-74,-77,-95,-78,-105,-104,-107,-93,-113,-109,-118,-105,-125,-89,-167,-86,-119,0,-167,-126,-137,-125,-147,-121,-113,-109,-193,-123,-370,-366,-367,-372,-322,-8,-262,0,0,0,0,0,-48,-20,-73,-27,-122,-122,-128,-118,-141,-118,-255,0,-4,0,-66,0,0,0,0,0,0,0]} 1. e4 e5 2. Nf3 Nc6 3. Bb5 Nf6 4. O-O Nxe4 5. Re1 Nd6 6. Nxe5 Be7 7. Bf1 Nxe5 8. Rxe5 O-O 9. Nc3 {C67: Ruy Lopez: Berlin Defence: 4 0-0 Nxe4.} Ne8 10. Nd5 Bd6 11. Re1 c6 12. Ne3 Be7 13. c4 Nc7 14. b3 {[#]} Bf6 $5 $146 {[%mdl 8] An interesting novelty.} ({Predecessor:} 14... d5 15. cxd5 Nxd5 16. Nxd5 cxd5 17. Bb2 {½-½ (17) Akopian,V (2660)-Bacrot,E (2711) Jerusalem 2015}) 15. Ba3 Re8 16. Bd6 Re6 17. c5 (17. Bxc7 $1 $11 Qxc7 18. d4) 17... Ne8 $1 $17 18. Bc4 Nxd6 19. cxd6 Bxa1 20. Qxa1 (20. Bxe6 $17 dxe6 21. Qxa1) 20... Rxd6 $19 21. Qe5 {Nf5! would kill now.} Re6 $2 (21... Qf8 $19 22. d4 b5) 22. Bxe6 $15 dxe6 23. d4 b6 24. h4 Ba6 ({Don't play} 24... Qxh4 25. Qc7 $15) 25. Qf4 Qd7 26. Ng4 Rd8 27. Ne5 Qc7 28. Qg4 c5 29. Rc1 (29. dxc5 $17 Qxc5 30. Rd1 Rxd1+ 31. Qxd1) 29... Qd6 ({Black should try} 29... h5 $19 30. Qe4 Bb7) 30. Qh5 $17 Qc7 ({Wrong is} 30... Qxd4 $2 31. Qxf7+ Kh8 32. Qxe6 $18) 31. Qg4 $1 h6 32. b4 {[%cal Rb4c5]} Rd5 33. Rc3 Qe7 $36 {[%mdl 2048] Black is in control.} 34. bxc5 bxc5 35. Rg3 (35. Rxc5 $17 Rxc5 36. dxc5 Qxc5 37. Qf4) 35... f5 (35... Qf8 $19 36. Ng6 h5) 36. Qh5 $2 (36. Ng6 $17 {is a better defense.} Qe8 37. Qf3) 36... cxd4 $19 37. Nc6 Qf7 $1 {[%cal Rf7h5]} 38. Qxh6 {[#]} d3 $2 (38... Bb7 $1 $19 {[%cal Rb7c6]} 39. Nb4 f4) 39. Qd2 $2 {[%mdl 8192]} (39. Rxg7+ $1 $11 {and White stays safe.} Qxg7 40. Qxe6+ {[%mdl 64] Double Attack} Qf7 41. Ne7+ Kg7 42. Qxf7+ Kxf7 43. Nxd5) 39... Qf6 $2 (39... Qb7 $19 40. Qh6 Rd6) 40. Nb4 $11 Rd6 41. Nxa6 Rxa6 42. Qxd3 Rxa2 {[%mdl 4096] Endgame aiming for ...Ra1+. KQR-KQR} 43. Qc4 (43. Qd7 $1 $11 {keeps the balance.}) 43... Rd2 {...Rd1+ is the strong threat.} 44. h5 (44. Re3 $1 $11 Kf7 45. Qc7+ Qe7 46. Qxe7+ Kxe7 47. Ra3) 44... Rd1+ $17 45. Kh2 Rd4 46. Qc8+ Kh7 47. Qc1 (47. Qe8 $17 {was worth a try.}) 47... Rg4 $2 ({Black should play} 47... a5 $19 {Threatens to win with ...a4.} 48. Ra3 a4) 48. Rxg4 $11 fxg4 49. Qc5 {[#]} (49. Kg1 $1 $11) 49... Qf5 ({Better is} 49... a5 $1 $15 {[%mdl 512]} 50. Kg1 (50. Qxa5 Qxf2) 50... Qf5) 50. Qxa7 {The position is equal.} Qe5+ 51. g3 Qxh5+ 52. Kg1 Qf5 {[%mdl 32768] Accuracy: White = 52%, Black = 66%. . Loss on time!?} 0-1

[Event "8th Altibox Norway Chess 2020"]
[Site "Stavanger"]
[Date "2020.10.12"]
[Round "7"]
[White "Duda, Jan-Krzysztof"]
[Black "Tari, Aryan"]
[Result "1-0"]
[WhiteElo "2757"]
[BlackElo "2633"]
[Annotator "TA"]
[PlyCount "53"]
[EventDate "2020.10.05"]
[EventType "tourn"]
[EventCountry "NOR"]
[SourceTitle "playchess.com"]
[Source "ChessBase"]
[SourceQuality "1"]

{[%evp 9,53,52,52,49,50,70,67,58,39,38,50,51,81,38,43,28,92,127,131,126,107,41,39,37,109,78,108,105,158,139,201,189,211,163,149,158,156,149,150,153,237,236,354,354,348,353]} 1. e4 e5 2. Nf3 Nc6 3. Bb5 a6 4. Ba4 f5 5. d4 exd4 6. e5 {C70: Ruy Lopez: 3...a6 4 Ba4, Norwegian and Delayed Schliemann.} b5 7. Bb3 Bb7 8. O-O {White is slightly better.} Na5 $1 9. Nxd4 ({Much worse is} 9. Qxd4 c5 $15) 9... c5 $1 {[%cal Rc5d4]} 10. Nxf5 c4 {[#]} 11. Nc3 $146 ({Predecessor:} 11. Qg4 Qb6 12. Nd6+ Bxd6 13. exd6 O-O-O 14. Qxg7 Qxd6 15. Bg5 Rf8 16. Qxh8 Qd5 17. f3 Qxg5 {½-½ (59) Beikert,G (2414)-Buecker,S (2280) Sasbach 2018}) 11... Qb6 $1 12. Nd5 $40 {[%mdl 128] White mounts an attack.} Bxd5 (12... Qc5 $11 {keeps the balance.} 13. Nxg7+ Bxg7 14. Qh5+ Kf8 15. Qf3+ Ke8 16. Qh5+ Kf8 17. Qf5+ Ke8 18. Qh5+ Kf8) 13. Qxd5 $16 Qc6 14. Qd4 Qe6 15. Nd6+ (15. Qe4 $16 d5 16. Nd4 dxe4 17. Nxe6) 15... Bxd6 $1 $14 16. exd6 Nf6 (16... Kf7 $1 $14) 17. Qc3 {Threatens to win with Re1.} O-O {Hoping for ...Nc6.} 18. Qxa5 Ng4 ({Better is} 18... cxb3 19. axb3 Rac8) 19. Qc3 Rae8 (19... Rac8 $16) 20. Bg5 $18 cxb3 21. Qxb3 Qxb3 22. axb3 Re2 {[%cal Rf8f2]} 23. f3 Nf6 24. Rfc1 h6 {[#]} (24... Rc8 $16 {was necessary.} 25. Bxf6 (25. Rxa6 Kf7 $16) 25... gxf6) 25. Kf1 $1 Rfe8 (25... Re6 $142) 26. Bxf6 gxf6 {[#]} 27. Re1 $1 {Accuracy: White = 73%, Black = 68%.} ({Not} 27. Rxa6 Rd2 $18) 1-0

[Event "8th Altibox Norway Chess 2020"]
[Site "Stavanger"]
[Date "2020.10.13"]
[Round "8"]
[White "Carlsen, Magnus"]
[Black "Tari, Aryan"]
[Result "1-0"]
[WhiteElo "2863"]
[BlackElo "2633"]
[Annotator "TA"]
[PlyCount "89"]
[EventDate "2020.10.05"]
[EventType "tourn"]
[EventCountry "NOR"]
[SourceTitle "playchess.com"]
[Source "ChessBase"]
[SourceQuality "1"]

{[%evp 15,89,19,24,19,22,0,16,8,25,-2,16,16,17,17,41,30,32,28,31,31,34,23,47,44,48,38,35,37,49,49,49,49,64,49,49,49,49,48,49,49,49,49,48,49,49,48,49,48,50,48,52,52,109,109,143,143,281,273,241,231,279,278,658,651,810,804,29964,29967,29961,29958,6183,6103,6103,6087,29988,29989]} 1. e4 {Pavlovic,M} e5 2. Nf3 Nc6 3. Bb5 a6 4. Ba4 Nf6 5. O-O Be7 6. d3 b5 7. Bb3 d6 8. a4 {8.a3 is more advanced technology. Played by Quang Liem Le in September 2020.} Bd7 9. c3 {C84: Closed Ruy Lopez: Unusual White 6th moves.} Na5 10. Ba2 c5 11. Bg5 {The position is equal.} O-O {[#]} 12. Nbd2 $5 $146 {[%mdl 8] An interesting novelty.} ({Predecessor:} 12. axb5 axb5 13. Na3 Qb8 14. Nc2 h6 15. Bh4 c4 16. Nb4 Be6 17. Re1 Qb7 18. d4 {½-½ (41) Caruana,F (2807)-Topalov,V (2761) Saint Louis 2016 CBM 174 [Pavlovic,M]}) 12... Rb8 13. axb5 axb5 14. Re1 b4 15. Nc4 Nxc4 16. Bxc4 bxc3 17. bxc3 Qc7 18. Qc2 Bb5 19. Bxb5 Rxb5 20. Bxf6 Bxf6 21. Nd2 Qc6 22. Qa4 Rfb8 23. Nc4 Be7 24. g3 Qc8 25. Qd1 g6 26. Kg2 Bf8 27. Qf3 Rb3 28. Rec1 Qe6 29. Ra7 R8b7 30. Rxb7 Rxb7 31. Ra1 h5 32. Ra8 Kg7 33. Ne3 $36 {[%mdl 2048] Black is under pressure.} Rc7 ({Better is} 33... Qd7 $14) 34. Nd5 $16 Rc8 {[#]} 35. Ra7 $1 Rb8 {[#]} (35... Rd8 $16 36. c4 Rd7) 36. h3 $1 $18 Rd8 37. g4 hxg4 38. hxg4 {Threatens to win with g5.} Rd7 $2 (38... g5 39. Rb7 Kg8) 39. Ra8 f6 {[#]} 40. g5 $1 {[%mdl 512]} f5 {[#]} (40... fxg5 41. Qxf8+) 41. Qh3 $1 {[%mdl 512]} Rf7 {[#]} 42. Re8 $3 {[%mdl 512]} Qxe8 43. Qh6+ Kg8 44. Qxg6+ {[%mdl 64] Double Attack} Kh8 45. Nf6 {Av CentiPawn Loss W=-6/B=579. Weighted=-5/158} 1-0

[Event "8th Altibox Norway Chess 2020"]
[Site "Stavanger"]
[Date "2020.10.13"]
[Round "8"]
[White "Caruana, Fabiano"]
[Black "Firouzja, Alireza"]
[Result "1/2-1/2"]
[WhiteElo "2828"]
[BlackElo "2728"]
[Annotator "TA"]
[PlyCount "120"]
[EventDate "2020.10.05"]
[EventType "tourn"]
[EventCountry "NOR"]
[SourceTitle "playchess.com"]
[Source "ChessBase"]
[SourceQuality "1"]

{[%evp 9,120,7,27,20,33,13,27,41,31,18,45,37,70,45,56,39,76,50,45,41,43,41,71,36,34,43,45,41,35,43,81,51,55,15,25,16,16,17,17,20,20,17,17,17,16,15,14,13,16,0,0,0,10,0,12,0,0,0,0,0,0,0,0,0,0,0,0,0,0,0,0,0,0,0,0,0,0,0,0,0,8,0,0,0,0,0,8,0,0,0,8,8,8,8,8,0,0,0,0,0,0,0,0,0,0,0,0,0,0,0,0,0,0]} 1. e4 c6 2. d4 d5 3. f3 dxe4 4. fxe4 e5 5. Nf3 Bg4 6. c3 {B12: Caro-Kann: Advance Variation.} Nd7 7. Bd3 Ngf6 8. O-O {White has an edge.} Bd6 {[#]} 9. Na3 $146 {[%cal Bb1a3,Ba3c2,Bc2e3,Be3f5][%mdl 32]} ({Predecessor:} 9. a4 O-O 10. Nbd2 Re8 11. Nc4 Bc7 12. Qc2 exd4 13. cxd4 Bxf3 14. Rxf3 Nb6 15. e5 Nxc4 16. Qxc4 {½-½ (30) Popilski,G (2529)-Nakamura,H (2816) Las Vegas 2015}) 9... b5 10. Nc2 Bh5 11. Ne3 O-O 12. Nf5 Qc7 13. Qc2 Bg6 14. Nxd6 Qxd6 15. Bg5 c5 16. dxe5 ({Reject} 16. Bxb5 $6 cxd4 17. cxd4 Bxe4 $15) (16. Bxf6 {is more complex.} gxf6 17. Bxb5 cxd4 18. cxd4 Rfd8 19. Rad1) 16... Nxe5 17. Nxe5 Qxe5 18. Bxf6 gxf6 19. Bxb5 Bxe4 20. Qf2 Rab8 21. Bd7 Rfd8 22. Rad1 Rb6 {The position is equal.} 23. Rfe1 f5 24. Qh4 Qf6 25. Qxf6 Rxf6 26. Ba4 Rxd1 27. Rxd1 $11 {[%mdl 4096] Endgame KRB-KRB} Rg6 28. Rd2 f4 29. Bd1 Kg7 30. Kf1 Rh6 31. Kg1 Rg6 32. Rf2 f5 33. Kf1 Kf6 34. Bf3 Ke5 35. Rd2 Rh6 36. Kg1 a5 37. b3 Rb6 38. Kf2 Ra6 39. Rd8 a4 40. Re8+ Kd5 $1 41. Be2 Rg6 42. g3 axb3 43. axb3 fxg3+ 44. hxg3 Kd6 45. Bc4 Bc6 46. Rf8 Be4 47. Rb8 Kc7 48. Re8 Kd6 49. Rb8 Kc7 50. Rh8 Rh6 51. Ke3 Rh2 52. g4 Kd6 53. Re8 Rh3+ 54. Kf4 Rf3+ 55. Kg5 Bb1 56. Re6+ Kc7 57. Re5 {[%cal Rg4f5]} fxg4 58. Rxc5+ Kb6 59. Rb5+ Kc6 60. Kxg4 Rxc3 {Av CentiPawn Loss W=-4/B=-4. Weighted=-4/-4} 1/2-1/2